Fr. Conceicao Rodrigues College of Engineering

Operations Research (Record no. 36328)

MARC details
000 -LEADER
fixed length control field 00369nam a22001577a 4500
003 - CONTROL NUMBER IDENTIFIER
control field OSt
005 - DATE AND TIME OF LATEST TRANSACTION
control field 20260316111550.0
007 - PHYSICAL DESCRIPTION FIXED FIELD--GENERAL INFORMATION
fixed length control field 1498
008 - FIXED-LENGTH DATA ELEMENTS--GENERAL INFORMATION
fixed length control field 260316b |||||||| |||| 00| 0 eng d
040 ## - CATALOGING SOURCE
Transcribing agency
082 ## - DEWEY DECIMAL CLASSIFICATION NUMBER
Classification number 658.4034
Item number HIR
245 ## - TITLE STATEMENT
Title Operations Research
Statement of responsibility, etc. Gupta,P.k & Hira,D.S
250 ## - EDITION STATEMENT
Edition statement 7
260 ## - PUBLICATION, DISTRIBUTION, ETC.
Name of publisher, distributor, etc. S.Chand
Date of publication, distribution, etc. 2023
942 ## - ADDED ENTRY ELEMENTS (KOHA)
Source of classification or shelving scheme Dewey Decimal Classification
Koha item type BOOK
Edition 7
Call number prefix 658.4034
Call number suffix HIR
Suppress in OPAC No
Holdings
Withdrawn status Lost status Source of classification or shelving scheme Damaged status Not for loan Home library Current library Date acquired Cost, normal purchase price Inventory number Total Checkouts Full call number Barcode Date last seen Price effective from Koha item type
    Dewey Decimal Classification     Fr. Agnel's C.Rodrigues College of Engineering Fr. Agnel's C.Rodrigues College of Engineering 16/03/2026 995.00 LIBSO1495 st 26.02.2026   658.4034/HIR 27139 16/03/2026 16/03/2026 BOOK
    Dewey Decimal Classification     Fr. Agnel's C.Rodrigues College of Engineering Fr. Agnel's C.Rodrigues College of Engineering 16/03/2026 995.00 LIBSO1495 st 26.02.2026   658.4034/HIR 27140 16/03/2026 16/03/2026 BOOK
    Dewey Decimal Classification     Fr. Agnel's C.Rodrigues College of Engineering Fr. Agnel's C.Rodrigues College of Engineering 16/03/2026 995.00 LIBSO1495 st 26.02.2026   658.4034/HIR 27141 16/03/2026 16/03/2026 BOOK
    Dewey Decimal Classification     Fr. Agnel's C.Rodrigues College of Engineering Fr. Agnel's C.Rodrigues College of Engineering 16/03/2026 995.00 LIBSO1495 st 26.02.2026   658.4034/HIR 27142 16/03/2026 16/03/2026 BOOK
    Dewey Decimal Classification     Fr. Agnel's C.Rodrigues College of Engineering Fr. Agnel's C.Rodrigues College of Engineering 16/03/2026 995.00 LIBSO1495 st 26.02.2026   658.4034/HIR 27143 16/03/2026 16/03/2026 BOOK